000 00547nam a2200217Ia 4500
003 LK-CoDNM
005 20240321111915.0
008 010623t1956 xxu||||| |||| 00| 1 sin d
040 _aLK-CoDNM
_dLK-CoDNM
_eLK-CoDNM
041 _asin
080 _aඉ26
245 _aතරංගිණී
246 _aTaranginii
260 _bLanka Broadcasting Department
_aColombo
_c1956-Feb
300 _bDamaged
_a64p.,20 cm
650 _aArts
650 _aBuddhagosha thero
650 _aCulture of Greece
650 _aFolk Song
942 _cBK
999 _c104200
_d104200